<?xml version="1.0" encoding="UTF-8"?>
<record
    xmlns:xsi="http://www.w3.org/2001/XMLSchema-instance"
    xsi:schemaLocation="http://www.loc.gov/MARC21/slim http://www.loc.gov/standards/marcxml/schema/MARC21slim.xsd"
    xmlns="http://www.loc.gov/MARC21/slim">

  <leader>00354nam a2200145Ia 4500</leader>
  <controlfield tag="008">230314s9999    xx            000 0 und d</controlfield>
  <datafield tag="041" ind1=" " ind2=" ">
    <subfield code="a">eng</subfield>
  </datafield>
  <datafield tag="082" ind1=" " ind2=" ">
    <subfield code="a">PY/150/SRE/B06567</subfield>
  </datafield>
  <datafield tag="100" ind1=" " ind2=" ">
    <subfield code="a">Basavanna M</subfield>
  </datafield>
  <datafield tag="245" ind1=" " ind2=" ">
    <subfield code="a">Psychology for Nurses</subfield>
  </datafield>
  <datafield tag="260" ind1=" " ind2=" ">
    <subfield code="b">Jaypee Brothers</subfield>
    <subfield code="a">New Delhi</subfield>
    <subfield code="c">2015</subfield>
  </datafield>
  <datafield tag="300" ind1=" " ind2=" ">
    <subfield code="a">614p</subfield>
  </datafield>
  <datafield tag="906" ind1=" " ind2=" ">
    <subfield code="b">BSC</subfield>
  </datafield>
  <datafield tag="999" ind1=" " ind2=" ">
    <subfield code="c">140765</subfield>
    <subfield code="d">140765</subfield>
  </datafield>
  <datafield tag="952" ind1=" " ind2=" ">
    <subfield code="0">0</subfield>
    <subfield code="1">0</subfield>
    <subfield code="4">0</subfield>
    <subfield code="7">0</subfield>
    <subfield code="8">PY</subfield>
    <subfield code="a">BTIN</subfield>
    <subfield code="b">BTIN</subfield>
    <subfield code="d">2011-02-25</subfield>
    <subfield code="e">Jaypee Brothers Medical Publishers</subfield>
    <subfield code="g">295.00</subfield>
    <subfield code="i">I-176</subfield>
    <subfield code="l">35</subfield>
    <subfield code="m">11</subfield>
    <subfield code="o">PY 150 SRE B06567</subfield>
    <subfield code="p">BTIN-BK-6567</subfield>
    <subfield code="r">2026-01-22 06:47:38</subfield>
    <subfield code="s">2026-01-12</subfield>
    <subfield code="v">215.00</subfield>
    <subfield code="w">2014-11-25</subfield>
    <subfield code="y">BK</subfield>
    <subfield code="z">B06567</subfield>
  </datafield>
</record>
